Statistics for Lakers Roster 2022 Season

Click here to take the quiz!

General Stats

  • This quiz has been taken 20 times
  • The average score is 10 of 27

Answer Stats

NumberAnswer% Correct
6LeBron James
93%
3Anthony Davis
86%
CoachFrank Vogel
79%
0Russell Westbrook
79%
7Carmelo Anthony
57%
39Dwight Howard
57%
15Austin Reaves
50%
No Longer On RosterDeAndre Jordan
50%
11Malik Monk
50%
5Talen Horton-Tucker
50%
35Wenyen Gabriel
50%
20Avery Bradley
36%
9Kent Bazemore
36%
4D.J. Augustin
29%
No Longer On RosterIsaiah Thomas
29%
12Kendrick Nunn
29%
No Longer On RosterRajon Rondo
29%
14Stanley Johnson
29%
No Longer On Roster?Trevor Ariza
29%
2Wayne Ellington
29%
No Longer On RosterJermerrio Jones
21%
37 *Mac McClung
21%
40 *Mason Jones
21%
No Longer On RosterJay Huff
7%
No Longer On RosterChaundee Brown Jr
0%
No Longer On RosterDarren Collison
0%
No Longer On RosterSekou Doumbouya
0%

Score Distribution

Percentile by Number Answered

Percent of People with Each Score

Your Score History

You have not taken this quiz